Statystyki dla Miasta w Polsce z największą liczbą licencji na taksówki

Kliknij tutaj aby rozwiązać quiz!

Ogólne statystyki

  • Ten quiz został rozwiązany 47 razy
  • Średni wynik to 20 z 25

Statystyki odpowiedzi

MiastoLiczba licencji% Poprawnych
Białystok1 383
100%
Gdańsk2 332
100%
Gdynia2 698
100%
Warszawa11 065
100%
Wrocław3 459
100%
Kraków3 877
98%
Poznań1 774
98%
Katowice1 513
93%
Szczecin1 970
93%
Łódź2 722
91%
Rzeszów629
91%
Toruń489
88%
Bydgoszcz1202
86%
Lublin1 384
86%
Częstochowa465
84%
Zielona Góra476
84%
Sopot925
79%
Olsztyn495
77%
Gorzów Wielkopolski563
67%
Zabrze533
67%
Sosnowiec643
60%
Koszalin584
58%
Tarnów480
53%
Zakopane723
47%
Bytom528
40%

Rozkład punktacji

Percentyl według liczby udzielonych odpowiedzi

Procent ludzi z każdym wynikiem

Twoja historia wyników

Nie rozwiązałeś tego quizu